NLSUI OPAC header image

Conflict and Collective Action : The Sardar Sarovar Project in India (Record no. 120765)

MARC details
000 -LEADER
fixed length control field 00307nam a2200109Ia 4500
100 ## - MAIN ENTRY--PERSONAL NAME
Personal name Dwivedi, Ranjit
245 #0 - TITLE STATEMENT
Title Conflict and Collective Action : The Sardar Sarovar Project in India
264 ## - PRODUCTION, PUBLICATION, DISTRIBUTION, MANUFACTURE, AND COPYRIGHT NOTICE
Name of producer, publisher, distributor, manufacturer Routledge
Date of production, publication, distribution, manufacture, or copyright notice 2006
300 ## - PHYSICAL DESCRIPTION
Extent 401
942 ## - ADDED ENTRY ELEMENTS (KOHA)
Koha item type CSSEIP Office Library Collection
Holdings
Withdrawn status Lost status Damaged status Not for loan Home library Current library Shelving location Date acquired Total Checkouts Barcode Date last seen Price effective from Koha item type
      Not For Loan . . CSSEIP Office Library - Gandhian Studies 23.06.2020   G0117 23.06.2020 23.06.2020 CSSEIP Office Library Collection